01337nam a2200337 a 4500001001100000003000800011006001900019007001500038008004100053010001700094020001500111020002200126040002100148035002100169050002600190082001900216100001900235245011500254260004700369300002300416504006400439533015200503650002800655650004400683650004400727650003800771655002900809710001700838856012500855999001900980ebr2003949CaPaEBRm u cr cn|||||||||000121s1999 enka sb 001 0 eng d z 00265189  z0750708557 z0750708565 (pbk.) aCaPaEBRcCaPaEBR a(OCoLC)17915470514aLB1050.2b.B76 1999eb04a372.4/09412211 aBrowne, Naima.10aYoung children's literacy development and the role of televisual textsh[electronic resource] /cNaima Browne. aLondon ;aNew York :bFalmer Press,c1999. aix, 208 p. :bill. aIncludes bibliographical references (p. 171-178) and index. aElectronic reproduction.bPalo Alto, Calif. :cebrary,d2013.nAvailable via World Wide Web.nAccess may be limited to ebrary affiliated libraries. 0aReadingzGreat Britain. 0aTelevision and childrenzGreat Britain. 0aTelevision in educationzGreat Britain. 0aLiteracy programszGreat Britain. 7aElectronic books.2local2 aebrary, Inc.40uhttp://site.ebrary.com/lib/rucke/Doc?id=2003949zAn electronic book accessible through the World Wide Web; click to view c226589d226589